| 000 | 00995nam0a2200277 4500 | ||
|---|---|---|---|
| 001 | RU\NLR\bibl\1811133 | ||
| 005 | 20250616153656.0 | ||
| 010 |
_a5-98322-226-0 _92000 |
||
| 035 | _a(NLR Aleph) 001801743 | ||
| 090 |
_a1794293 _c1794293 |
||
| 100 | _a20110404d2006 |||y0rusy50 ca | ||
| 101 | 0 | _arus | |
| 102 | _aRU | ||
| 105 | _aa ||||||||| | ||
| 200 | 1 |
_aАрифметика пародонтологии _eручные инструменты в пародонтологии _fТ.М. Еловикова |
|
| 210 |
_aМосква _cМедпресс-информ _d2006 |
||
| 215 |
_a78 с. _cил. _d20 |
||
| 320 | _aБиблиогр.: с. 77-78 (40 назв.) | ||
| 606 | 1 |
_aПародонтология _xИнструменты _92625146 _3RU\NLR\auth\661561706 |
|
| 686 | _aР661.213с5 | ||
| 700 | 1 |
_aЕловикова _bТ. М. _gТатьяна Михайловна _4070 |
|
| 801 | 0 |
_aRU _bNLR _c20110404 _gRCR |
|
| 801 | 1 |
_aRU _bNLR _c20110404 |
|
| 942 | _cBOOK | ||
| 980 | _aNB | ||